000 00726nam a2200157Ia 4500
008 151213s9999 xx 000 0 und d
020 _a984-70126-0011-5
100 _aসামসুজ্জামান, সেলিমা জামান ও আলাউদ্দিন।
245 _aগাঙচিলের গল্প।
_cসামসুজ্জামান, সেলিমা জামান ও আলাউদ্দিন।
260 _aঢাকা
_bগাঙচিল।
_c2008
300 _a8523 p.
650 _aBengali Literature
650 _aBengali Literature
700 _aসামসুজ্জামান, সেলিমা জামান ও আলাউদ্দিন।
999 _c4360
_d4360